| 000 | 01607cam a22003134a 4500 | ||
|---|---|---|---|
| 001 | 17209618 | ||
| 005 | 20170105102906.0 | ||
| 008 | 120314s2012 nyu b 000 0 eng | ||
| 010 | _a 2012009259 | ||
| 020 | _a9780230359758 | ||
| 040 |
_aDLC _cDLC _dDLC |
||
| 042 | _apcc | ||
| 050 | 0 | 0 |
_aJZ5578 _b.C63 2012 |
| 082 | 0 | 0 |
_a303.6/6 _223 |
| 100 | 1 | _aCockburn, Cynthia. | |
| 245 | 1 | 0 |
_aAntimilitarism : _bpolitical and gender dynamics of peace movements / _cCynthia Cockburn. |
| 260 |
_aNew York : _bPalgrave Macmillan, _c2012. |
||
| 300 |
_axvi, 297 p. ; _c22 cm. |
||
| 504 | _aIncludes bibliographical references. | ||
| 505 | 0 | _aFinding a voice: women at three moments of British peace activism -- War resistance and pacifist revolution -- Legitimate disobedience: an anti-militarist movement in Spain -- Midlands city: faiths and philosophies together for Palestine -- Saying no to NATO: divergent strategies -- Seeing the whole picture: anti-militarism in Okinawa and Japan -- A state of peace: movements to reunify and demilitarize Korea -- Guns and bodies: armed conflict and domestic violence -- Towards a different common sense. | |
| 650 | 0 |
_aPeace movements _xHistory _y20th century. |
|
| 650 | 0 |
_aWomen and peace _xHistory _y20th century. |
|
| 650 | 0 |
_aPeace movements _vCase studies. |
|
| 650 | 0 |
_aMilitarism _xHistory _y20th century. |
|
| 650 | 0 |
_aFeminism _xPolitical aspects _xHistory _y20th century. |
|
| 906 |
_a7 _bcbc _corignew _d1 _eecip _f20 _gy-gencatlg |
||
| 942 |
_2ddc _cBK |
||
| 999 |
_c14896 _d14896 |
||